00748cam a22002171 450000100060000000300080000600500170001400800410003103500190007204000410009104100080013208200220014010000400016224500440020225000130024626000530025930000240031250000980033665000120043470000840044632377BD-RjUL20211209051827.0140426s1951 pk 000 0 eng d a(BD-RjUL)32466 aDLCcMH-AHdOCoLCdDLCdBD-RjULbeng aeng00bALM 1951a297.1241 aAli, Muhammad,d1875 December-1951.12aA manual of hadith /cby Muhammad Ali, a[2d ed.] aLahore :bAhmadiyya Anjuman Ishaat Islam,c1951. ax, 408 p. ;c22 cm. a"Contains 690 ḥadīt̲h̲, out of which 513 ... have been taken from the Buk̲h̲ārī." 0aHadith.1 aBukhārī, Muḥammad ibn Ismāʻīl,d810-870.tJāmiʻ al-ṣaḥīḥ.